Central Library OPAC University of Rajshahi

Middletown in transition : (Record no. 33390)

MARC details
000 -LEADER
fixed length control field 01065nam a2200301 a 4500
001 - CONTROL NUMBER
control field 33390
003 - CONTROL NUMBER IDENTIFIER
rucl marc code BD-RjUL
005 - DATE AND TIME OF LATEST TRANSACTION
control field 20211209052011.0
008 - FIXED-LENGTH DATA ELEMENTS--GENERAL INFORMATION
fixed length control field 140507s1937 nyua 001 0 eng
035 ## - SYSTEM CONTROL NUMBER
System control number (BD-RjUL)33481
040 ## - CATALOGING SOURCE
Original cataloging agency DLC
Transcribing agency DLC
Modifying agency BD-RjUL
Language of cataloging eng
041 ## - LANGUAGE CODE
Language code of text/sound track or separate title eng
082 ## - DEWEY DECIMAL CLASSIFICATION NUMBER
Classification number 309.173
Author mark and year LYM 1937
100 1# - MAIN ENTRY--PERSONAL NAME
Personal name Lynd, Robert Staughton,
Dates associated with a name 1892-1970
9 (RLIN) 101346
245 10 - TITLE STATEMENT
Title Middletown in transition :
Remainder of title a study in cultural conflicts /
Statement of responsibility, etc. by Robert S. Lynd & Helen Merrell Lynd.
260 ## - PUBLICATION, DISTRIBUTION, ETC. (IMPRINT)
Place of publication, distribution, etc. New York :
Name of publisher, distributor, etc. Harcourt, Brace,
Date of publication, distribution, etc. c1937.
300 ## - PHYSICAL DESCRIPTION
Pagination xviii, 604 p. :
Illustrations ill. ;
Size 24 cm.
500 ## - GENERAL NOTE
General note Plan on lining-papers.
General note Includes bibliographical footnotes and index.
650 #0 - SUBJECT ADDED ENTRY--TOPICAL TERM
Topical term or geographic name as entry element Cities and towns
Geographic subdivision United States
9 (RLIN) 101347
Topical term or geographic name as entry element Community life
9 (RLIN) 101348
651 #0 - SUBJECT ADDED ENTRY--GEOGRAPHIC NAME
Geographic name United States
General subdivision Social conditions
9 (RLIN) 101349
Geographic name United States
General subdivision Economic conditions
Chronological subdivision 1918-1945
9 (RLIN) 6810
Geographic name United States
General subdivision Religion
Chronological subdivision 1901-1945
9 (RLIN) 101350
700 1# - ADDED ENTRY--PERSONAL NAME
Personal name Lynd, Helen Merrell,
Dates associated with a name 1896-1982
942 ## - ADDED ENTRY ELEMENTS (KOHA)
Source of classification or shelving scheme Dewey Decimal Classification
Koha item type Books
Holdings
Lost status Source of classification or shelving scheme Damaged status Not for loan Collection code Permanent Location Current Location Shelving location Date acquired Source of acquisition Total Checkouts Full call number Date last seen Copy number Koha item type
  Dewey Decimal Classification   Not For Loan Non-fiction Central Library, University of Rajshahi Central Library, University of Rajshahi Reading Room 27/02/1958 U. S. I. S.   309.173 LYM 1937 07/05/2014 C-1 Books